Vật liệu từ cấu trúc Nanô và Điện tử học Spin

Spin của điện tử trong tinh thể. Từ học của các cấu trúc Nanô. Hiện tượng từ trong các màng mỏng đa lớp. Hiệu ứng từ - điện trở xuyên hầm. Chất lỏng từ....

Spremljeno u:
Bibliografski detalji
Glavni autor: Nguyễn, Hữu Đức (Tác giả)
Format: Knjiga
Jezik:Vietnamese
Izdano: H. Đại học Quốc gia 2008
Teme:
Oznake: Dodaj oznaku
Bez oznaka, Budi prvi tko označuje ovaj zapis!
Thư viện lưu trữ: Mạng thư viện Đại học Đà Nẵng
LEADER 01066nam a2200325 4500
001 000012903
003 9227
005 20120305080328.0
008 120305s2008 viesd
020 |c 38000đ 
041 0 |a vie 
082 |a 620  |b NG-Đ 
100 0 |a Nguyễn, Hữu Đức  |e Tác giả 
245 0 |a Vật liệu từ cấu trúc Nanô và Điện tử học Spin  |c Nguyễn Hữu Đức 
260 |a H.  |b Đại học Quốc gia  |c 2008 
300 |a 298 tr.  |c 19 cm 
520 |a Spin của điện tử trong tinh thể. Từ học của các cấu trúc Nanô. Hiện tượng từ trong các màng mỏng đa lớp. Hiệu ứng từ - điện trở xuyên hầm. Chất lỏng từ.... 
653 |a Vật liệu từ 
653 |a Nanô 
653 |a Điện từ học 
653 |a Spin 
910 |a Duyên  |d 05/03/2012 
OWN |a LSP 
999 |a From the UDN01 
TYP |a Monograph 
TYP |a Printed language 
980 |a Mạng thư viện Đại học Đà Nẵng